书目信息 |
| 题名: |
跟我学布尔代数
|
|
| 作者: | 刘克武 编著 | |
| 分册: | ||
| 出版信息: | 北京 电子工业出版社 1997 |
|
| 页数: | 159页 | |
| 开本: | 20cm | |
| 丛书名: | 中学生计算机自学丛书 | |
| 单 册: | ||
| 中图分类: | G634.62 , G633.67 | |
| 科图分类: | ||
| 主题词: | 布尔代数--中学--自学参考资料 , 教育--各级 | |
| 电子资源: | ||
| ISBN: | 7-5053-3622-3 | |
| 000 | 00729nam2 2200265 45 | |
| 001 | 0197023509 | |
| 005 | 20061105152827.67 | |
| 010 | @a7-5053-3622-3@dCNY8.00 | |
| 100 | @a19970812d1997 demy0chiy0121 ea | |
| 101 | 0 | @achi |
| 102 | @aCN@b110000 | |
| 105 | @ay z 000yy | |
| 106 | @ar | |
| 200 | 10 | @a跟我学布尔代数@Agen wo xue bu er dai shu@f刘克武等编著 |
| 210 | @a北京@c电子工业出版社@d1997 | |
| 215 | @a159页@d20cm | |
| 225 | 2 | @a中学生计算机自学丛书 |
| 410 | 0 | @120010@a中学生计算机自学丛书 |
| 606 | @a布尔代数@x中学@x自学参考资料 | |
| 606 | 0 | @a教育@x各级 |
| 690 | @aG634.62@v3 | |
| 690 | @aG633.67@v3 | |
| 701 | 0 | @a刘克武@Aliu ke wu@4编著 |
| 801 | 0 | @aCN@bNLC@c20061105 |
| 905 | @f1@b275745@dG633.67@e275 | |
| 跟我学布尔代数/刘克武等编著.-北京:电子工业出版社,1997 |
| 159页;20cm.-(中学生计算机自学丛书) |
| ISBN 7-5053-3622-3:CNY8.00 |
| ● |
| 相关链接 |
|
|
|
|
正题名:跟我学布尔代数
索取号:G633.67/275
 
预约/预借
| 序号 | 登录号 | 条形码 | 馆藏地/架位号 | 状态 | 备注 |
| 1 | 0275744 | 001676537 | 第一样本阅览室/ [索取号:G633.67/275] | 在馆 | |
| 2 | 0275745 | 001584002 | 第四借阅区/ [索取号:G633.67/275] | 在馆 |